Statistiques concernant Quiz Capitales du Monde

Cliquez ici pour prendre le quiz!

Statistiques générales

  • Ce quiz a été pris 119 fois
  • Le résultat moyen est 16 sur 20

Statistiques - réponses

QuestionRéponse% Correct
Quelle est la capitale de la France ?Paris
100%
Quelle est la capitale de la Grèce ?Athènes
99%
Quelle est la capitale de l'Allemagne ?Berlin
99%
Quelle est la capitale de la Suisse ?Berne
98%
Quelle est la capitale du Portugal ?Lisbonne
98%
Quelle est la capitale de l'Autriche ?Vienne
96%
Quelle est la capitale de l'État de Saint-Marin ?Saint-Marin
91%
Quelle est la capitale de l'Uruguay ?Montevideo
89%
Quelle est la capitale du Qatar ?Doha
88%
Quelle est la capitale de la Serbie ?Belgrade
84%
Quelle est la capitale de l’Irak ?Bagdad
81%
Quelle est la capitale de Chypre ?Nicosie
81%
Quelle est la capitale de la Géorgie ?Tbilissi
80%
Quelle est la capitale du Bangladesh ?Dacca
77%
Quelle est la capitale du Paraguay ?Asuncion
76%
Quelle est la capitale du Kazakhstan ?Astana
70%
Quelle est la capitale des Maldives ?Malé
59%
Quelle est la capitale d’Oman ?Mascate
52%
Quelle est la capitale du Botswana ?Gaborone
50%
Quelle est la capitale de la Zambie ?Lusaka
46%

Distribution des résultats

Percentile par nombre de réponses

% des personnes avec chaque résultat

Votre développement - résultats

Vous n’avez pas pris ce quiz